00649nam a2200217Ia 4500003000400000005001700004008004100021020001500062040001800077041000800095082002000103100002100123245009100144250001200235260003800247300002800285650003900313650002600352650003500378700001800413OSt20241022101749.0210716s2006 xx 000 0 und d a812650918X cAIMIT LIBRARY aeng a511.2 22bBRAT aBradley, Teresa. aEssential mathematics for economics and business /cBy Teresa Bradley and Paul Patton. a2nd ed. aNew Delhi :bWiley India ,c2006. axvii,637p. ;bPBc24 cm aThe straight line and applications aFinancial mathematics aFunctions of several variables aPatton, Paul.